header

Best Friends and Drama Queens (Record no. 263561)

MARC details
000 -LEADER
fixed length control field 00221nam a22000977a 4500
020 ## - INTERNATIONAL STANDARD BOOK NUMBER
ISBN 9780545040440
100 ## - MAIN ENTRY--AUTHOR NAME
Personal name Meg Cabot
245 ## - TITLE STATEMENT
Title Best Friends and Drama Queens
260 ## - PUBLICATION, DISTRIBUTION, ETC. (IMPRINT)
Place of publication New York
Name of publisher Scholastic
Year of publication 2009
942 ## - ADDED ENTRY ELEMENTS (KOHA)
Koha item type Long Loan Books
Holdings
Withdrawn status Lost status Collection code Home library Current library Shelving location Date acquired Accession Number Koha item type
    Fiction Rongo University Library Rongo University Library Children's Area 07/05/2024 CL2021638 Long Loan Books

© 2026 Rongo University
Contact us: librarian | system librarian | Rongo university